Zwycięzcy konkursów Pucharu Świata 2021/22 w skokach narciarskich - Statystyki

Ogólne statystyki
  • Ten quiz został rozwiązany 44 razy
  • Średni wynik to 26 z 29
Statystyki odpowiedzi
Data Miejscowość Skocznia Narodowość Zwycięzca % Poprawnych
27.11.2021 Ruka duża Japonia Ryōyū Kobayashi
100%
12.12.2021 Klingenthal duża Japonia Ryōyū Kobayashi
100%
19.12.2021 Engelberg duża Japonia Ryōyū Kobayashi
100%
29.12.2021 Oberstdorf duża Japonia Ryōyū Kobayashi
100%
1.01.2022 Garmisch-Partenkirchen duża Japonia Ryōyū Kobayashi
100%
5.01.2022 Bischofshofen duża Japonia Ryōyū Kobayashi
100%
29.01.2022 Willingen duża Japonia Ryōyū Kobayashi
100%
Japonia Ryōyū Kobayashi
100%
28.11.2021 Ruka duża Słowenia Anže Lanišek
98%
11.12.2021 Klingenthal duża Austria Stefan Kraft
95%
25.02.2022 Lahti duża Austria Stefan Kraft
95%
3.03.2022 Lillehammer duża Austria Stefan Kraft
95%
19.03.2022 Oberstdorf mamucia Austria Stefan Kraft
95%
20.03.2022 Oberstdorf mamucia Słowenia Timi Zajc
95%
20.11.2021 Niżny Tagił duża Niemcy Karl Geiger
93%
18.12.2021 Engelberg duża Niemcy Karl Geiger
93%
22.01.2022 Titisee-Neustadt duża Niemcy Karl Geiger
93%
23.01.2022 Titisee-Neustadt duża Niemcy Karl Geiger
93%
21.11.2021 Niżny Tagił duża Norwegia Halvor Egner Granerud
88%
27.02.2022 Lahti duża Norwegia Halvor Egner Granerud
88%
8.01.2022 Bischofshofen duża Norwegia Marius Lindvik
85%
16.01.2022 Zakopane duża Norwegia Marius Lindvik
85%
30.01.2022 Willingen duża Norwegia Marius Lindvik
85%
5.03.2022 Oslo duża Norwegia Marius Lindvik
85%
27.03.2022 Planica mamucia Norwegia Marius Lindvik
85%
5.12.2021 Wisła duża Austria Jan Hörl
78%
6.03.2022 Oslo duża Norwegia Daniel-André Tande
70%
6.01.2022 Bischofshofen duża Austria Daniel Huber
60%
25.03.2022 Planica mamucia Słowenia Žiga Jelar
50%
Nie znaleziono quizów pasujących do podanych kryteriów
Rozkład punktacji
Procent ludzi z każdym wynikiem
Percentyl według liczby udzielonych odpowiedzi
Twoja historia wyników
Nie rozwiązałeś tego quizu